Guerra segreta nell'antica Roma. Intelligence e spionaggio dalla Repubblica al 284 d.C.
Saved in:
| Hovedforfatter: | |
|---|---|
| Format: | Ukendt |
| Sprog: | engelsk |
| Udgivet: |
Gorizia, Italia:
LEG edizioni,
2021.
|
| Udgivelse: | Terza edizione. |
| Serier: | Le Guerre,
|
| Fag: | |
| Tags: |
Tilføj Tag
Ingen Tags, Vær først til at tagge denne postø!
|
MARC
| LEADER | 00000 a2200000 4500 | ||
|---|---|---|---|
| 003 | CL-VaPUC | ||
| 005 | 20220825125113.0 | ||
| 008 | 220817t2021 ||||| |||| 00| 0 eng d | ||
| 999 | |c 438133 |d 438131 | ||
| 020 | |a 978-88-6102-814-2 | ||
| 040 | |c Pontificia Universidad Católica de Valparaíso | ||
| 082 | 7 | |a 327.1237 SHE 2021 |2 22 | |
| 100 | |a Sheldon, Rose Mary |9 875130 |e autora | ||
| 245 | |a Guerra segreta nell'antica Roma. |b Intelligence e spionaggio dalla Repubblica al 284 d.C. | ||
| 250 | |a Terza edizione. | ||
| 260 | |a Gorizia, Italia: |b LEG edizioni, |c 2021. | ||
| 300 | |a 537 páginas. | ||
| 490 | |a Le Guerre, |n 46. | ||
| 583 | |k Cristina María Rojas Aguilar |c 20220817 | ||
| 650 | |a Servicio de inteligencia |z Roma |9 875617 | ||
| 650 | |a Espionaje |z Roma |9 875618 | ||
| 942 | |2 ddc |c BK | ||
| 952 | |0 0 |1 0 |2 ddc |4 0 |6 327_123700000000000_SHE_2021 |7 0 |8 A |9 586015 |a BIBHIS |b BIBHIS |c GEN |d 2022-08-08 |e 26 |g 35373.00 |i 5653997 |o 327.1237 SHE 2021 |p 5653997 |r 2025-01-20 |t 1 |v 35373.00 |w 2022-08-08 |y BK |k HIS | ||